000 00708nam a2200253Ia 4500
003 OSt
005 20220925220338.0
006 a|||||r|||| 00| 0
007 ta
008 220923b |||||||| |||| 00| 0 eng d
020 _a0712119892
037 _cGeneral Book
040 _aRTL
_cRTL
_beng
041 _2eng
_aeng
082 _aU.58.N6, K8;M3
100 _aHowe G Melvyn
_9284594
245 0 _aSoviet union
_b A geographical survey
250 _a2nd
260 _aLondon
_bMacdonald and Evans UK
_c1983
300 _ax,501p. Bib p. 476-82
_ccm.
650 _aGeography- Europe
_9231495
942 _hU.58.N6, K8;M3
_cGB
_2CC
999 _c571181
_d571181